000
00219nam a2200097Ia 4500
001
652070
005
20250826154431.0
008
250824s9999 xx 000 0 und d
245
0
_a
DALGAKIRAN
_c
KAT FALLS
260
_b
TUDEM
999
_c
652070
_d
652070